Modelo integral de atención de emergencias en el Hospital Nacional de Niños Dr. Carlos Sáenz Herrera
Gespeichert in:
| 1. Verfasser: | |
|---|---|
| Weitere Verfasser: | |
| Format: | Buch |
| Veröffentlicht: |
[San José, Costa Rica]
2007
|
| Schlagworte: | |
| Tags: |
Tag hinzufügen
Keine Tags, Fügen Sie den ersten Tag hinzu!
|
MARC
| LEADER | 00000nam a2200000Ia 4500 | ||
|---|---|---|---|
| 003 | 009851 | ||
| 005 | 20221231144111.0 | ||
| 008 | 140114s2007 cr a 000 ||s d | ||
| 040 | |c cru CEDI | ||
| 090 | |a TFG 5376 | ||
| 100 | |a Herrera Solera, María José |9 5015 | ||
| 245 | |a Modelo integral de atención de emergencias en el Hospital Nacional de Niños Dr. Carlos Sáenz Herrera | ||
| 260 | |c 2007 |b [San José, Costa Rica] | ||
| 300 | |a 163, [135] hojas; ilustraciones a colo | ||
| 500 | |a Proyecto de graduación (licenciatura en ingeniería industrial)--Universidad de Costa Rica. Facultad de Ingeniería. Escuela de Ingeniería Industrial | ||
| 650 | |x HOSPITAL NACIONAL DE NIÑOS DR. CARLOS SAENZ HERRERA (COSTA RICA) (Nombre corporativo) EMERGENCIAS EN DESASTRES |x EMERGENCIAS EN DESASTRES |x AUXILIO EN DESASTRES |x MEDIDAS DE SEGURIDAD |x PREVENCION Y CONTROL |9 5017 | ||
| 700 | |9 5016 |a Trejos Corrales, Vivian | ||
| 942 | |c TFG | ||
| 999 | |c 16899 |d 16899 | ||
